Top 10 Most Popular NCS Songs On Letter ,,T'' - Statistics

General Stats
  • This quiz has been taken 7 times
  • The average score is 8 of 10
Answer Stats
Creator Song Views % Correct
NIVIRO, Eliza The Ghost 37M
100%
Aero Chord Time Leap 14M
100%
Uplink, NK To Myself 16M
100%
Diviniers, Contacreast Tropic Love 49M
100%
Anikdote Turn It Up 61M
100%
NIVIRO The Guardian Of Angels 10M
60%
Tetrix Bass, Veela The Light 9,7M
60%
Electro-Light Throwback 9,7M
60%
NIVIRO The Apocalypse 10M
40%
Elektronomia The Other Side 9,9M
40%
No matching quizzes found
Score Distribution
Percent of People with Each Score
Percentile by Number Answered
Your Score History
You have not taken this quiz